Statistics for Quizzer6794's "Five by Continent" quizzes

Click here to take the quiz!

General Stats

  • This quiz has been taken 47 times
  • The average score is 157 of 253

Answer Stats

WORD% Correct
-
97%
Five
81%
By
78%
by
78%
Continent
75%
Biggest
72%
Countries
72%
the
67%
Capital
64%
Most
61%
Smallest
58%
Cities
58%
Least
56%
Populated
50%
with
36%
Richest
31%
Poorest
28%
#2
25%
Island
25%
Capitals
25%
World
25%
First
25%
Northernmost
22%
Southernmost
22%
Last
19%
Shortest
19%
Longest
19%
Guessed
17%
Coastline
17%
Densely
14%
Elevated
14%
Alphabetically
14%
Closest
11%
Bordered
11%
Newest
8%
Random
8%
Islands
8%
version
6%
advanced
6%
Missing
0%

Score Distribution

Percentile by Number Answered

Percent of People with Each Score

Your Score History

You have not taken this quiz